[Event "Ä19"]
[Site "Loo"]
[Date "2017.04.26"]
[Round "7.15"]
[White "Êàëèíîâñêàÿ, Ëþäìèëà."]
[Black "Êîïîâàÿ, Àëåêñàíäðà."]
[Result "0-1"]
[WhiteElo "1689"]
[BlackElo "1958"]
[PlyCount "90"]
[EventDate "2017.04.20"]

1. d4 Nf6 2. Nf3 e6 3. Bf4 d5 4. e3 Be7 5. h3 Nbd7 6. Bd3 O-O 7. O-O c5 8. c3
c4 9. Bc2 b5 10. Nbd2 a5 11. Rc1 Ba6 12. Bb1 b4 13. Re1 bxc3 14. Rxc3 Bb4 15.
Rc1 c3 16. bxc3 Ba3 17. g4 Bxc1 18. Qxc1 Bb7 19. Qc2 Ne4 20. Ng5 g6 21. Ngxe4
dxe4 22. Qb3 Nb6 23. Bxe4 Bxe4 24. Nxe4 Nd5 25. Bg3 f5 26. Nc5 Qe7 27. gxf5
gxf5 28. e4 f4 29. exd5 fxg3 30. fxg3 Qg5 31. Ne4 Qxd5 32. Nc5 Rf3 33. Qxd5
exd5 34. Re5 Rxg3+ 35. Kh2 Rxc3 36. a4 Rb8 37. Rg5+ Kf7 38. Rg2 Rb4 39. Rf2+
Ke8 40. Re2+ Kf7 41. Rf2+ Kg6 42. Ne6 Rxa4 43. Nf4+ Kh6 44. Nxd5 Rd3 45. Rf6+
Kg7 0-1

[Event "Ä19"]
[Site "Loo"]
[Date "2017.04.26"]
[Round "7.16"]
[White "×èñòÿêîâà, Äàðüÿ."]
[Black "Êèñåëåâà, Åêàòåðèíà."]
[Result "1-0"]
[WhiteElo "1893"]
[BlackElo "1808"]
[PlyCount "59"]
[EventDate "2017.04.20"]

1. e4 c6 2. d4 d5 3. e5 Bf5 4. h4 h5 5. Bd3 Bxd3 6. Qxd3 e6 7. Bg5 Be7 8. Nf3
Nd7 9. O-O Nh6 10. Nbd2 Nf5 11. g3 c5 12. c4 Bxg5 13. Nxg5 Nxd4 14. Rfe1 Nb6
15. cxd5 Qxd5 16. Rac1 Nc6 17. Qe3 Nd4 18. Nde4 Nf5 19. Qf3 Nd7 20. Nd6+ Nxd6
21. Qxd5 exd5 22. exd6+ Kf8 23. Re7 Nf6 24. Rxc5 Ne4 25. Nxe4 dxe4 26. Rcc7 Rh6
27. Rxf7+ Kg8 28. Rxg7+ Kh8 29. d7 Rd8 30. Re7 1-0

[Event "Ä19"]
[Site "Loo"]
[Date "2017.04.26"]
[Round "7.17"]
[White "Ñàôèþëëèíà, Äèíàðà."]
[Black "Áî÷àðîâà, Àíàñòàñèÿ."]
[Result "1-0"]
[WhiteElo "1839"]
[BlackElo "1797"]
[PlyCount "95"]
[EventDate "2017.04.20"]

1. e4 c5 2. Nf3 Nf6 3. e5 Nd5 4. Nc3 e6 5. Nxd5 exd5 6. d4 Nc6 7. Bf4 d6 8.
exd6 Bxd6 9. Bxd6 Qxd6 10. dxc5 Qxc5 11. Qe2+ Be6 12. Qb5 Qxb5 13. Bxb5 f6 14.
O-O-O Kf7 15. Nd4 Bd7 16. Ba4 Rhd8 17. Bb3 Bg4 18. f3 Bh5 19. Nb5 Ne7 20. Nc7
Rab8 21. Nxd5 Nxd5 22. Bxd5+ Kf8 23. Bb3 Rdc8 24. Rd2 b5 25. g4 Bg6 26. f4 Be4
27. Re1 Bf3 28. Rd7 Rb7 29. Ree7 Rd8 30. Rf7+ Ke8 31. Rxd8+ Kxd8 32. Rxb7 Bxb7
33. Kd2 g5 34. fxg5 fxg5 35. Ke3 Ke7 36. Bg8 h6 37. Bh7 Kd6 38. Be4 Bc8 39. h3
Be6 40. Kd4 a5 41. a3 Bd7 42. b3 a4 43. bxa4 bxa4 44. c4 Bc8 45. c5+ Kc7 46.
Ke5 Ba6 47. Bg2 Be2 48. Kf6 1-0

[Event "Ä19"]
[Site "Loo"]
[Date "2017.04.26"]
[Round "7.18"]
[White "Ïåðôèëîâà, Ìàðèÿ."]
[Black "Áîëèåâà, Ìàðèÿ."]
[Result "1/2-1/2"]
[WhiteElo "1895"]
[BlackElo "1278"]
[PlyCount "98"]
[EventDate "2017.04.20"]

1. e4 e5 2. Nf3 Nf6 3. Nxe5 d6 4. Nf3 Nxe4 5. d4 d5 6. Bd3 Bg4 7. O-O Be7 8.
Qe2 f5 9. Bf4 Nd7 10. Qe3 O-O 11. Nc3 c6 12. h3 Bh5 13. Ne5 g5 14. Bh2 f4 15.
Qe1 Nxe5 16. dxe5 Nc5 17. Qd2 Qb6 18. a3 Nxd3 19. cxd3 Qd4 20. Rfe1 Bg6 21.
Rad1 Bh5 22. Ne2 Qa4 23. d4 Qa6 24. Rc1 f3 25. g4 Bxg4 26. hxg4 fxe2 27. Qxe2
Qxe2 28. Rxe2 Rf3 29. Rd2 Raf8 30. Kg2 Rb3 31. Rc3 Rxc3 32. bxc3 Bxa3 33. Ra2
Bc1 34. Rxa7 Rf7 35. Ra2 Bf4 36. Bg3 Bxg3 37. Kxg3 Kg7 38. f3 Kg6 39. Re2 Re7
40. f4 gxf4+ 41. Kxf4 Rf7+ 42. Kg3 Kg5 43. e6 Re7 44. Re5+ Kg6 45. Kf4 h6 46.
Re2 Kf6 47. Rh2 Rh7 48. Re2 Re7 49. Rh2 Rh7 1/2-1/2

[Event "Ä19"]
[Site "Loo"]
[Date "2017.04.26"]
[Round "7.19"]
[White "Þðêèíà, Àíàñòàñèÿ."]
[Black "Ãðåõí¸âà, ßíà."]
[Result "0-1"]
[WhiteElo "1812"]
[BlackElo "1881"]
[PlyCount "74"]
[EventDate "2017.04.20"]

1. d4 d5 2. Nf3 Nf6 3. g3 h6 4. Bg2 Bf5 5. c4 e6 6. Nc3 c6 7. Qb3 Qc8 8. O-O
Be7 9. Re1 Ne4 10. Nd2 Nxd2 11. Bxd2 O-O 12. e4 dxe4 13. Nxe4 Rd8 14. Be3 Nd7
15. Rac1 Nf6 16. Nxf6+ Bxf6 17. d5 g5 18. Red1 Qc7 19. Qb4 Be7 20. Bc5 Bxc5 21.
Qxc5 Qe5 22. Qd4 Qxd4 23. Rxd4 exd5 24. cxd5 Rd6 25. Rb4 cxd5 26. Rxb7 Re8 27.
Rb5 Be6 28. Ra5 d4 29. Rd1 d3 30. Rd2 Rc8 31. Bf1 Rc1 32. Kg2 Bd5+ 33. f3 Rc2
34. Rf2 d2 35. Be2 Rc1 36. Rf1 Rxf1 37. Kxf1 Bc4 0-1

[Event "Ä19"]
[Site "Loo"]
[Date "2017.04.26"]
[Round "7.20"]
[White "Äîðîôååâà, Íúóðãóéààíà."]
[Black "Áî÷àðîâà, Óëüÿíà."]
[Result "1-0"]
[WhiteElo "1778"]
[BlackElo "1852"]
[PlyCount "51"]
[EventDate "2017.04.20"]

1. d4 d5 2. Nf3 Nf6 3. c4 e6 4. Bg5 Be7 5. Nc3 O-O 6. e3 b6 7. cxd5 Nxd5 8.
Bxe7 Qxe7 9. Nxd5 exd5 10. Rc1 Bb7 11. Bd3 c5 12. dxc5 bxc5 13. Qc2 Nd7 14.
Bxh7+ Kh8 15. Bf5 g6 16. Bxd7 Qxd7 17. Qxc5 Ba6 18. Qc6 Rac8 19. Qxd7 Rxc1+ 20.
Kd2 Rxh1 21. Qd6 Rc8 22. Qxa6 Rhc1 23. Nd4 R8c7 24. b4 Kg7 25. Qa5 R7c4 26.
Qxd5 1-0

[Event "Ì15Ï"]
[Site "Loo"]
[Date "2017.04.26"]
[Round "7.1"]
[White "Ìîðãà÷åâ, Ñåðãåé."]
[Black "Ñëóãèí, ßðîñëàâ."]
[Result "0-1"]
[WhiteElo "1814"]
[BlackElo "1974"]
[PlyCount "70"]
[EventDate "2017.04.20"]

1. d4 c5 2. d5 g6 3. c4 Bg7 4. Nc3 d6 5. e4 e6 6. Nf3 Ne7 7. Bd3 a6 8. Qc2 O-O
9. O-O exd5 10. cxd5 h6 11. a4 g5 12. Nd2 Ng6 13. Nc4 Qc7 14. Ne2 Nd7 15. f4
gxf4 16. Nxf4 Nde5 17. Nh5 Qe7 18. Nxg7 Kxg7 19. Ne3 Ng4 20. Nf5+ Bxf5 21. exf5
Qe5 22. g3 Qd4+ 23. Kg2 N6e5 24. Rf4 Nxd3 25. Rxd4 Ne1+ 26. Kg1 Nxc2 27. Rxg4+
Kf6 28. Rb1 Kxf5 29. Rh4 Nd4 30. Rxh6 Rfe8 31. Bf4 Ne2+ 32. Kf2 Nxf4 33. gxf4
Rh8 34. Rxd6 Rxh2+ 35. Kg3 Rah8 0-1

[Event "Ì15Ï"]
[Site "Loo"]
[Date "2017.04.26"]
[Round "7.2"]
[White "Ðóäîâñêèé, Ôèëèïï."]
[Black "Êèñåëåâ, Âëàäèñëàâ."]
[Result "0-1"]
[WhiteElo "1710"]
[BlackElo "1993"]
[PlyCount "153"]
[EventDate "2017.04.20"]

1. e4 c6 2. d4 d5 3. Nc3 dxe4 4. Nxe4 Bf5 5. Ng3 Bg6 6. h4 h6 7. Bc4 e6 8. Nf3
Bd6 9. Qe2 Nd7 10. O-O Ngf6 11. h5 Nxh5 12. Bxe6 O-O 13. Nxh5 Bxh5 14. Bb3 Qf6
15. Be3 Rfe8 16. c3 Re4 17. Bd1 Rh4 18. g3 Re4 19. Kg2 Rae8 20. Rh1 Bg4 21. Qd3
Bxg3 22. Ne5 Bf5 23. Nxd7 Bxd7 24. Bf3 Rxe3 25. fxe3 Bh4 26. Rag1 Qg5+ 27. Kf1
Rxe3 28. Rxg5 Rxd3 29. Be2 Rh3 30. Rgg1 g5 31. Bc4 Rxh1 32. Rxh1 Kg7 33. Kg2 f5
34. b4 f4 35. Kf3 Bf5 36. d5 Bg3 37. Rd1 g4+ 38. Ke2 cxd5 39. Bxd5 b6 40. Bc6
h5 41. c4 h4 42. c5 bxc5 43. bxc5 h3 44. Bd5 f3+ 45. Ke3 Bh4 46. c6 f2 47. Bh1
g3 48. Kf3 g2 49. Bxg2 hxg2 50. Kxg2 Kf7 51. Rc1 Ke7 52. c7 Bc8 53. Rd1 Bb7+
54. Kh2 Bf6 55. Kg3 Be5+ 56. Kxf2 Bxc7 57. Ke3 Bb6+ 58. Kd3 Bd5 59. Rd2 Kd6 60.
Rc2 Bc6 61. Kc4 Kc7 62. Rb2 Kb7 63. Kc3 Ka6 64. Kb4 Bd8 65. Re2 Kb6 66. Re6 Bg5
67. Kc4 Bd2 68. Rd6 Bc1 69. Rd1 Bb5+ 70. Kb4 a5+ 71. Kb3 Bf4 72. Rd4 Bc7 73.
Rh4 Bc6 74. Rh6 Kc5 75. Rh4 Bd5+ 76. Ka3 Kb6 77. Rh6+ 0-1

[Event "Ì15Ï"]
[Site "Loo"]
[Date "2017.04.26"]
[Round "7.3"]
[White "Àñàòðÿí, Ãîð."]
[Black "Ìåñòíèêîâ, Àéäûí."]
[Result "1-0"]
[WhiteElo "1916"]
[BlackElo "1699"]
[PlyCount "55"]
[EventDate "2017.04.20"]

1. e4 c5 2. Nf3 d6 3. d4 cxd4 4. Nxd4 Nf6 5. Nc3 a6 6. Be2 e6 7. O-O Be7 8. a4
b6 9. Be3 Bb7 10. Bd3 O-O 11. f4 Qc7 12. g4 Nfd7 13. g5 Nc6 14. Qh5 Nc5 15. Rf3
g6 16. Qh6 f6 17. Nxe6 Nxe6 18. Nd5 Qd8 19. Bc4 Bc8 20. Bxb6 Qd7 21. f5 Ne5 22.
Rh3 Rf7 23. fxe6 Qxe6 24. Nxe7+ Rxe7 25. Bxe6+ Bxe6 26. Rc3 fxg5 27. Qxg5 Rf7
28. Rf1 1-0

[Event "Ì15Ï"]
[Site "Loo"]
[Date "2017.04.26"]
[Round "7.4"]
[White "Ñîìêèí, Êèðèëë."]
[Black "Áåëîâ, Êèðèëë."]
[Result "1-0"]
[WhiteElo "1942"]
[BlackElo "1615"]
[PlyCount "73"]
[EventDate "2017.04.20"]

1. e4 e5 2. Nf3 Nc6 3. Nc3 Nf6 4. Bb5 Bc5 5. d3 d6 6. Be3 Bxe3 7. fxe3 Bd7 8.
Qd2 a6 9. Ba4 b5 10. Bb3 Na5 11. O-O Nxb3 12. axb3 O-O 13. Ra5 Bc6 14. h3 Bb7
15. Qf2 c5 16. Raa1 h6 17. Nh4 Ne8 18. Nf5 Nc7 19. Qg3 Qf6 20. Ne2 Rad8 21. h4
Kh7 22. Rf3 Qg6 23. Qh3 Qe6 24. h5 Rg8 25. Raf1 Rd7 26. Rg3 c4 27. bxc4 bxc4
28. Rg4 cxd3 29. cxd3 Ne8 30. Rf3 Nf6 31. Rgg3 Rc7 32. Nc3 Bc8 33. Qh4 Bb7 34.
Nxg7 Rxg7 35. Rxf6 Qe7 36. Rgf3 Rc8 37. Rxh6+ 1-0

[Event "Ì15Ï"]
[Site "Loo"]
[Date "2017.04.26"]
[Round "7.5"]
[White "Êîçëîâ, Äåíèñ."]
[Black "Ãàáäðàõìàíîâ, Àçàò."]
[Result "1/2-1/2"]
[WhiteElo "1789"]
[BlackElo "2011"]
[PlyCount "107"]
[EventDate "2017.04.20"]

1. d4 Nf6 2. c4 g6 3. g3 Bg7 4. Bg2 O-O 5. Nc3 d6 6. Nf3 c5 7. O-O Nc6 8. d5
Na5 9. Qd3 a6 10. Bd2 Rb8 11. e4 b5 12. b3 Nd7 13. Rab1 bxc4 14. bxc4 Nb6 15.
Na4 Naxc4 16. Rxb6 Nxb6 17. Ba5 Bd7 18. Nxb6 Rxb6 19. Bxb6 Qxb6 20. Rb1 Bb5 21.
Qb3 Qa5 22. Bf1 Bxf1 23. Kxf1 Bf6 24. Qc2 Rc8 25. Nd2 Qc7 26. Nc4 Rb8 27. Rxb8+
Qxb8 28. Qb3 Qxb3 29. axb3 Bd4 30. f4 f6 31. Ke2 Kf7 32. Kf3 Bc3 33. Kg4 Ke8
34. f5 Kd7 35. Kf4 Kc7 36. h4 Kd7 37. g4 Be5+ 38. Kf3 gxf5 39. exf5 Bc3 40. g5
fxg5 41. hxg5 Ke8 42. Kg4 Kf7 43. Kh5 Kg7 44. Nb6 a5 45. Nc4 Bb4 46. Ne3 Bc3
47. Nc2 c4 48. bxc4 a4 49. Kg4 Bb2 50. Nb4 Bc3 51. Na2 Bd2 52. Kh5 Kf7 53. Kh6
Kg8 54. Kh5 1/2-1/2

[Event "Ì15Ï"]
[Site "Loo"]
[Date "2017.04.26"]
[Round "7.6"]
[White "Êóìàðãàëèåâ, Ìàðñåëü."]
[Black "Äîëãèõ, Åâãåíèé."]
[Result "0-1"]
[WhiteElo "1716"]
[BlackElo "2003"]
[PlyCount "84"]
[EventDate "2017.04.20"]

1. e4 c5 2. Nc3 Nc6 3. g3 g6 4. Bg2 Bg7 5. d3 d6 6. f4 e6 7. Nf3 Nge7 8. O-O
O-O 9. Bd2 Rb8 10. Rb1 b5 11. a3 Qc7 12. g4 f5 13. h3 Bd7 14. exf5 gxf5 15. Ne2
a5 16. Nh4 Bf6 17. g5 Bh8 18. Rf3 Nd4 19. Rg3 Ng6 20. Nxg6 hxg6 21. h4 b4 22.
axb4 cxb4 23. h5 Rfc8 24. Rc1 Nxe2+ 25. Qxe2 Bxb2 26. hxg6 Bxc1 27. Bxc1 Qc3
28. Qh5 Qg7 29. Bb2 e5 30. Rh3 Be6 31. Qe2 a4 32. fxe5 d5 33. Rh7 Qxg6 34. Rh6
Qxg5 35. Rxe6 a3 36. Bd4 b3 37. Be3 Qg7 38. Qh5 a2 39. d4 bxc2 40. Rg6 c1=Q+
41. Bxc1 Rb7 42. e6 a1=Q 0-1

[Event "Ì15Ï"]
[Site "Loo"]
[Date "2017.04.26"]
[Round "7.7"]
[White "Áðèíü, Èëüÿ."]
[Black "Øàêèðîâ, Ìàðàò."]
[Result "1-0"]
[WhiteElo "1909"]
[BlackElo "1849"]
[PlyCount "105"]
[EventDate "2017.04.20"]

1. e4 e5 2. Nc3 Nf6 3. Bc4 Bc5 4. d3 O-O 5. f4 exf4 6. Bxf4 Nc6 7. Nge2 Na5 8.
Qd2 Nxc4 9. dxc4 d6 10. O-O-O Be6 11. b3 a6 12. Rhf1 b5 13. Bg5 bxc4 14. Bxf6
gxf6 15. Qh6 Kh8 16. Nd5 Bxd5 17. Rxd5 Rg8 18. Rh5 Rg7 19. Ng3 Qg8 20. Qxf6 Qd8
21. Qc3 Kg8 22. Nf5 Rg6 23. Rf3 cxb3 24. Rxh7 Qg5+ 25. Kb2 Kxh7 26. Rh3+ Rh6
27. Nxh6 Qxh6 28. Rxh6+ Kxh6 29. Qf6+ Kh7 30. Qxf7+ Kh8 31. axb3 Rg8 32. g4 Rg7
33. Qf8+ Kh7 34. h4 Bd4+ 35. c3 Be5 36. g5 Kg6 37. Qe8+ Kh7 38. Kc2 c5 39. c4
a5 40. Kd3 Rb7 41. h5 Rxb3+ 42. Ke2 Rb7 43. Kf3 a4 44. g6+ Kg7 45. Qxa4 Kh6 46.
Kg4 Rb1 47. Qd7 Rg1+ 48. Kf3 Bg7 49. Qxd6 Rg5 50. Kf4 Rxh5 51. e5 Rh4+ 52. Kf5
Rxc4 53. Qd2+ 1-0

[Event "Ì15Ï"]
[Site "Loo"]
[Date "2017.04.26"]
[Round "7.8"]
[White "Àáðàìîâ, Èëüÿ."]
[Black "Áîçðèêîâ, Ìàòâåé."]
[Result "1-0"]
[WhiteElo "1902"]
[BlackElo "1781"]
[PlyCount "92"]
[EventDate "2017.04.20"]

1. d4 Nf6 2. c4 Nc6 3. Nc3 e5 4. d5 Ne7 5. e4 Ng6 6. g3 Bb4 7. Bg2 Bxc3+ 8.
bxc3 d6 9. Ne2 O-O 10. O-O Re8 11. h3 a5 12. Be3 b6 13. Nc1 Ba6 14. Qe2 h6 15.
Nb3 Qd7 16. Nd2 c6 17. Qf3 cxd5 18. cxd5 Bxf1 19. Bxf1 b5 20. Bxh6 gxh6 21.
Qxf6 Rab8 22. a4 bxa4 23. Nc4 Red8 24. Nxa5 Rdc8 25. Nc4 Rd8 26. Ne3 Qe7 27.
Qf3 Rbc8 28. Nf5 Qf8 29. Rxa4 Ne7 30. Nh4 Qg7 31. Ra7 Kf8 32. Rxe7 Kxe7 33.
Nf5+ Kf8 34. Nxg7 Kxg7 35. h4 Rg8 36. Bh3 Rc7 37. Kh2 Rb8 38. g4 Rb3 39. g5
hxg5 40. hxg5 Rcxc3 41. Qf6+ Kg8 42. Bg4 Rb2 43. Kg2 Rcc2 44. Bh5 Rxf2+ 45.
Qxf2 Rxf2+ 46. Kxf2 Kg7 1-0

[Event "Ì15Ï"]
[Site "Loo"]
[Date "2017.04.26"]
[Round "7.9"]
[White "Áîáêîâ, Âàäèì."]
[Black "Àãàáåêîâ, Ñàâåëèé."]
[Result "1/2-1/2"]
[WhiteElo "1894"]
[BlackElo "1700"]
[PlyCount "64"]
[EventDate "2017.04.20"]

1. d4 Nf6 2. c4 g6 3. Nc3 Bg7 4. Nf3 O-O 5. Bg5 d6 6. e3 h6 7. Bh4 c5 8. Be2 g5
9. Bg3 Nh5 10. dxc5 Nxg3 11. hxg3 dxc5 12. Qc2 e6 13. Bd3 Nc6 14. O-O-O Qe7 15.
a3 b6 16. g4 Bb7 17. Rh5 Rfd8 18. Rdh1 Rd7 19. Be4 Rad8 20. Nxg5 Rd2 21. Qa4
Ne5 22. Qxa7 hxg5 23. Qxb7 Qf6 24. f4 Rxb2 25. fxe5 Qxe5 26. Rh8+ Bxh8 27.
Rxh8+ Kxh8 28. Kxb2 f5 29. gxf5 exf5 30. Bd5 f4 31. exf4 gxf4 32. Qc6 Qd6 {
çàïèñü íåðàçáîð~~èâà} 1/2-1/2

[Event "Ì15Ï"]
[Site "Loo"]
[Date "2017.04.26"]
[Round "7.10"]
[White "Àäûðáàåâ, Àëüáåðò."]
[Black "Äîëãèðåâ, Ëåâ."]
[Result "0-1"]
[WhiteElo "2008"]
[BlackElo "1669"]
[PlyCount "102"]
[EventDate "2017.04.20"]

1. c4 c6 2. Nc3 Nf6 3. Nf3 d5 4. cxd5 cxd5 5. d4 Nc6 6. g3 Bf5 7. Bg2 e6 8. O-O
h6 9. Qb3 Rb8 10. Bf4 Bd6 11. Bxd6 Qxd6 12. Rac1 O-O 13. Nb5 Qe7 14. e3 Ne4 15.
Rfd1 Qf6 16. Nh4 Ng5 17. Nxf5 Qxf5 18. Qd3 Nf3+ 19. Bxf3 Qxf3 20. a3 g5 21. Rd2
Kg7 22. Qe2 Qf6 23. Rf1 Qg6 24. f4 f5 25. Qd3 Rf7 26. Rc1 Rd7 27. Rdc2 g4 28.
Kf1 h5 29. Ke1 h4 30. Rf2 a6 31. Nc3 Na5 32. Kd1 Nc4 33. Kc2 b5 34. Na2 a5 35.
Kb1 b4 36. axb4 axb4 37. b3 Nd6 38. Rfc2 Qf7 39. Qa6 Ne4 40. gxh4 Ra7 41. Qc6
Ra3 42. Rb2 Kf6 43. h5 Qe7 44. Qc7 Nc3+ 45. Rxc3 bxc3 46. Qe5+ Kf7 47. h6 Raxb3
48. Qg7+ Ke8 49. Rxb3 Rxb3+ 50. Kc2 Rb2+ 51. Kd1 Rxa2 0-1

[Event "Ì15Ï"]
[Site "Loo"]
[Date "2017.04.26"]
[Round "7.11"]
[White "Òÿïêèí, Ïåòð."]
[Black "Êàðàâàåâ, Àëåêñàíäð."]
[Result "1-0"]
[WhiteElo "1960"]
[BlackElo "1794"]
[PlyCount "53"]
[EventDate "2017.04.20"]

1. d4 e6 2. c4 Nf6 3. Nf3 b6 4. Nc3 Bb7 5. g3 Bb4 6. Bg2 O-O 7. O-O Bxc3 8.
bxc3 Nc6 9. Re1 Na5 10. Nd2 Bxg2 11. Kxg2 d6 12. e4 e5 13. Qe2 c5 14. d5 Qe8
15. a4 Nd7 16. Qd3 Qe7 17. h3 Rfe8 18. Ra2 h6 19. Nf1 f5 20. f3 f4 21. Kg1 fxg3
22. Nxg3 Qh4 23. Kh2 Nf6 24. Rg1 Nh5 25. Nf5 Nf4 26. Qf1 g6 27. Nxh4 1-0

[Event "Ì15Ï"]
[Site "Loo"]
[Date "2017.04.26"]
[Round "7.12"]
[White "Íîâèêîâ, Ðîìàí."]
[Black "Êðåòîâ, Ëåîíèä."]
[Result "0-1"]
[WhiteElo "1781"]
[BlackElo "1911"]
[PlyCount "84"]
[EventDate "2017.04.20"]

1. d4 Nf6 2. Nf3 e6 3. c4 Bb4+ 4. Bd2 Be7 5. Qc2 b6 6. e4 Bb7 7. e5 Ne4 8. Nc3
Nxd2 9. Qxd2 d6 10. exd6 cxd6 11. Be2 O-O 12. O-O Nd7 13. Ne1 a6 14. Nc2 Rc8
15. Ne3 g6 16. Rad1 Rc7 17. f4 f5 18. Bf3 Qa8 19. Bxb7 Qxb7 20. Qe2 Bf6 21. Nc2
Kf7 22. Ne3 Re8 23. Rfe1 Rcc8 24. Qc2 b5 25. cxb5 axb5 26. Qb3 Rb8 27. a4 bxa4
28. Qxb7 Rxb7 29. Nc4 Be7 30. d5 e5 31. fxe5 dxe5 32. Kh1 e4 33. Rf1 Rb4 34.
Na5 Bd6 35. Rde1 e3 36. Re2 Nf6 37. Nc6 Rh4 38. g3 Bxg3 39. Kg1 Bf2+ 40. Kg2
Nh5 41. Rfxf2 exf2 42. Rxe8 Kxe8 0-1

[Event "Ì15Ï"]
[Site "Loo"]
[Date "2017.04.26"]
[Round "7.13"]
[White "Èâëåâ, Àëåêñàíäð."]
[Black "Áðàò÷èêîâ, Âëàäèñëàâ."]
[Result "0-1"]
[WhiteElo "1778"]
[BlackElo "1894"]
[PlyCount "120"]
[EventDate "2017.04.20"]

1. d4 d5 2. Nf3 Nf6 3. Bf4 c5 4. c3 Nc6 5. e3 Qb6 6. Qb3 c4 7. Qxb6 axb6 8.
Nbd2 b5 9. b3 Bf5 10. Be2 e6 11. Nh4 Bc2 12. Bd1 Bf5 13. Nxf5 exf5 14. Bc2 Ne4
15. Nxe4 fxe4 16. O-O Ra3 17. f3 f5 18. fxe4 fxe4 19. Bg3 g6 20. Be1 Bh6 21.
Bd2 Ke7 22. Bc1 Ra7 23. b4 Bg5 24. g3 h5 25. h3 Ke6 26. Kg2 Ne7 27. g4 hxg4 28.
hxg4 Nc8 29. Rh1 Rxh1 30. Kxh1 Nb6 31. Kg2 Ra8 32. Bd2 Ra3 33. Kf2 Bh4+ 34. Kg2
Kf6 35. Bd1 Kg5 36. Kh3 Ra8 37. Be2 Nd7 38. a3 Nf6 39. Bd1 Rh8 40. Kg2 Nxg4 41.
a4 Rf8 42. Bxg4 Kxg4 43. Be1 Bxe1 44. Rxe1 bxa4 45. b5 b6 46. Ra1 Ra8 47. Rf1
a3 48. Ra1 a2 49. Kf2 g5 50. Ke2 Ra3 51. Kd2 Kf5 52. Ke2 g4 53. Kf2 Kg5 54. Kf1
g3 55. Kg2 Kh4 56. Kf1 Kg4 57. Kg1 Kh3 58. Kh1 Rxc3 59. Kg1 Rb3 60. Kf1 Rb1+
0-1

[Event "Ì15Ï"]
[Site "Loo"]
[Date "2017.04.26"]
[Round "7.14"]
[White "Øàäóíö, Êèðèëë."]
[Black "Öûáóëüêèí, Èâàí."]
[Result "1-0"]
[WhiteElo "1877"]
[BlackElo "1734"]
[PlyCount "57"]
[EventDate "2017.04.20"]

1. d4 f5 2. g3 Nf6 3. Bg2 g6 4. Nf3 Bg7 5. O-O O-O 6. c4 d6 7. Nc3 Qe8 8. Nd5
Nxd5 9. cxd5 Nd7 10. Qb3 Nb6 11. Rd1 Bd7 12. Re1 Rb8 13. e4 fxe4 14. Rxe4 Qf7
15. Be3 h6 16. Re1 Bf5 17. Rh4 g5 18. Bxg5 hxg5 19. Nxg5 Qf6 20. Ne6 Bxe6 21.
Rxe6 Qxf2+ 22. Kh1 Rf7 23. Qd3 Qxb2 24. h3 Qxa2 25. Qe4 Re8 26. Qh7+ Kf8 27.
Rg6 e5 28. Rhg4 Qb1+ 29. Kh2 1-0

[Event "Ì15Ï"]
[Site "Loo"]
[Date "2017.04.26"]
[Round "7.15"]
[White "Ãðèøèí, Ïàâåë."]
[Black "Ïàâëîâ, Ìèõàèë."]
[Result "0-1"]
[WhiteElo "1840"]
[BlackElo "1762"]
[PlyCount "86"]
[EventDate "2017.04.20"]

1. e4 e6 2. d4 d5 3. Nc3 Nf6 4. Bg5 dxe4 5. Nxe4 Nbd7 6. Nxf6+ Nxf6 7. Nf3 h6
8. Bh4 c5 9. c3 cxd4 10. Ne5 Be7 11. Qa4+ Bd7 12. Qxd4 O-O 13. O-O-O Be8 14.
Qe3 Qa5 15. Kb1 Ba4 16. b3 Bc5 17. Nc4 Qc7 18. Qh3 b5 19. Bxf6 bxc4 20. Qg4 g6
21. Qxc4 Bc6 22. Kb2 Bd5 23. Qh4 Kh7 24. Bg5 h5 25. Bf4 Qa5 26. Bd3 Qa3+ 27.
Ka1 Bxb3 28. Rd2 Bxa2 29. Rxa2 Qxc3+ 30. Rb2 Bd4 31. Qxh5+ Kg8 32. Qe2 Rfb8 33.
Bc1 Rxb2 34. Bxb2 Qa3+ 35. Kb1 Rb8 36. Bb5 Qb3 37. Rd1 Bg7 38. Rd2 Rxb5 39. Rc2
a5 40. Qe4 Bxb2 41. Rc8+ Kg7 42. Qa8 Bc3+ 43. Kc1 Qb1# 0-1

[Event "Ì15Ï"]
[Site "Loo"]
[Date "2017.04.26"]
[Round "7.16"]
[White "Ïåòðîâ, Íèêîëàé."]
[Black "Àéðàïåòÿí, Òèãðàí."]
[Result "1/2-1/2"]
[WhiteElo "1832"]
[BlackElo "1683"]
[PlyCount "109"]
[EventDate "2017.04.20"]

1. Nf3 d5 2. g3 Nf6 3. Bg2 Bf5 4. c4 c6 5. cxd5 cxd5 6. Qb3 Qc7 7. Nc3 e6 8. d4
Nc6 9. Bf4 Qb6 10. Qxb6 axb6 11. O-O Be7 12. Nb5 O-O 13. Nd6 Be4 14. e3 Bd3 15.
Rfd1 Ba6 16. a4 Nh5 17. Nb5 Nxf4 18. gxf4 Rfc8 19. Rdc1 f6 20. Bh3 f5 21. Bf1
h6 22. Ne5 Nxe5 23. fxe5 Bxb5 24. Bxb5 Kf7 25. Bd7 Rcb8 26. Rc2 Bd8 27. Rac1
Ke7 28. Bb5 Kf7 29. Kg2 g5 30. h4 gxh4 31. Kh3 Kf8 32. b3 Ke7 33. Kxh4 Kf8+ 34.
Kh5 Kf7 35. f4 Be7 36. Rc7 Rg8 37. Rxb7 Rg3 38. Rxe7+ Kxe7 39. Rc7+ Kf8 40. Bd7
Rg7 41. Rc6 Rxd7 42. Rxe6 b5 43. Rxh6 Rg7 44. Rh8+ Rg8 45. Rxg8+ Kxg8 46. Kg6
bxa4 47. bxa4 Rxa4 48. Kxf5 Kf7 49. e6+ Ke7 50. Ke5 Ra3 51. f5 Rxe3+ 52. Kxd5
Kf6 53. Kd6 Kxf5 54. d5 Re5 55. Kd7 1/2-1/2

[Event "Ì15Ï"]
[Site "Loo"]
[Date "2017.04.26"]
[Round "7.17"]
[White "Áðàæíèêîâ, Äìèòðèé."]
[Black "Ãåéí, Âëàäèìèð."]
[Result "1-0"]
[WhiteElo "1465"]
[BlackElo "1822"]
[PlyCount "79"]
[EventDate "2017.04.20"]

1. e4 c5 2. Nf3 e6 3. d4 cxd4 4. Nxd4 Nf6 5. Nc3 d6 6. Be2 Be7 7. O-O a6 8. f4
Qc7 9. Bf3 O-O 10. Be3 Nc6 11. Nxc6 bxc6 12. Na4 Rb8 13. c4 c5 14. b3 Bd7 15.
Nc3 Bc6 16. Qc2 Rfd8 17. Rad1 Nd7 18. Qf2 Qb7 19. Qg3 Nf8 20. f5 Bf6 21. Ne2 e5
22. Qg4 Kh8 23. Ng3 g6 24. Be2 h5 25. Nxh5 gxh5 26. Qxh5+ Nh7 27. Rf3 Rg8 28.
Rh3 Rg7 29. Rxd6 Bxe4 30. Rxf6 Bxg2 31. Rg3 Rbg8 32. Rh6 Be4 33. Kf2 Qd7 34. f6
Rxg3 35. hxg3 Qd6 36. Bf3 Bg6 37. Qh4 Rd8 38. Bd5 Qd7 39. Rxh7+ Bxh7 40. Be4
1-0

[Event "Ì15Ï"]
[Site "Loo"]
[Date "2017.04.26"]
[Round "7.18"]
[White "Êîïòåâ, Ðóñëàí."]
[Black "Ãàâðèëèí, Ðîìàí."]
[Result "1-0"]
[WhiteElo "1814"]
[BlackElo "1668"]
[PlyCount "55"]
[EventDate "2017.04.20"]

1. e4 c5 2. Nf3 e6 3. d4 cxd4 4. Nxd4 a6 5. Nc3 b5 6. Bd3 Bb7 7. O-O Nc6 8. Be3
Qc7 9. Nxc6 Bxc6 10. Re1 d6 11. Nd5 Qb7 12. Bd4 Ne7 13. Nb6 Rb8 14. a4 e5 15.
Be3 Qc7 16. a5 g6 17. c4 Bg7 18. cxb5 axb5 19. Rc1 Qb7 20. Qe2 O-O 21. Bxb5 Ra8
22. a6 Qc7 23. Nxa8 Rxa8 24. Qc2 Rc8 25. a7 Qb7 26. Bxc6 Nxc6 27. Qa4 Qa8 28.
b4 1-0

[Event "Ì15Ï"]
[Site "Loo"]
[Date "2017.04.26"]
[Round "7.19"]
[White "Áóíèàòÿí, Äàâèä."]
[Black "Ãàãàðèí, Âàñèëèé."]
[Result "0-1"]
[WhiteElo "1648"]
[BlackElo "1956"]
[PlyCount "132"]
[EventDate "2017.04.20"]

1. d4 Nf6 2. Bf4 e6 3. Nf3 b6 4. e3 Bb7 5. Nbd2 g6 6. c3 Bg7 7. a4 a5 8. h3 O-O
9. Bd3 d6 10. O-O Nbd7 11. Bh2 Qe7 12. Nc4 Ne4 13. Nfd2 f5 14. Nxe4 fxe4 15.
Be2 d5 16. Na3 e5 17. Rc1 c6 18. Qb3 exd4 19. cxd4 Qb4 20. Rc3 Ba6 21. Qc2 Bxe2
22. Qxe2 c5 23. Qb5 Qxb5 24. Nxb5 Rf5 25. Rc2 Bh6 26. Bd6 Bf8 27. Bg3 g5 28.
Bh2 Rc8 29. Rfc1 Kf7 30. Bd6 Ke6 31. dxc5 bxc5 32. Bc7 Ra8 33. Bh2 Rc8 34. g4
Re5 35. Na7 Rc7 36. Nb5 Rc8 37. Nd4+ Kf6 38. Bxe5+ Nxe5 39. Nb3 Nd3 40. Rd1 c4
41. Nc1 Rb8 42. f3 Bc5 43. Re2 exf3 44. Rf2 Bxe3 45. Nxd3 cxd3 46. Rxd3 Bxf2+
47. Kxf2 Rxb2+ 48. Kxf3 Ke5 49. Re3+ Kd6 50. Re8 Rb3+ 51. Kg2 d4 52. Rd8+ Kc5
53. Rc8+ Kb4 54. Rd8 d3 55. Kf2 Rb2+ 56. Ke1 Re2+ 57. Kf1 Re3 58. Kf2 Rxh3 59.
Kg2 Re3 60. Kf2 Re4 61. Kf3 Rf4+ 62. Kg3 Kc3 63. Rc8+ Rc4 64. Rd8 d2 65. Kf2
Rd4 66. Rc8+ Kd3 0-1

[Event "Ì15Ï"]
[Site "Loo"]
[Date "2017.04.26"]
[Round "7.20"]
[White "Øèëüíèêîâ, Àíòîí."]
[Black "Þí, Âÿ÷åñëàâ."]
[Result "1-0"]
[WhiteElo "1757"]
[BlackElo "1878"]
[PlyCount "95"]
[EventDate "2017.04.20"]

1. e4 c5 2. Nf3 e6 3. d4 cxd4 4. Nxd4 Nc6 5. Nc3 Qc7 6. Be2 Nf6 7. O-O a6 8.
Be3 Be7 9. a4 O-O 10. f4 d6 11. Nxc6 bxc6 12. Qe1 d5 13. e5 Nd7 14. Qg3 f6 15.
Qh3 f5 16. Rf3 c5 17. Rg3 d4 18. Qh6 Bf6 19. exf6 Nxf6 20. Bd2 dxc3 21. Bxc3
Qe7 22. Qg5 Ra7 23. Rd3 Nd5 24. Qxe7 Rxe7 25. Be5 Rd7 26. Rad1 Rfd8 27. Rg3 g6
28. Rgd3 Nb4 29. Rxd7 Rxd7 30. Rxd7 Bxd7 31. c3 Nd5 32. b3 a5 33. c4 Ne3 34.
Bd6 Nc2 35. Bxc5 Bc6 36. Kf2 Kf7 37. Bd1 Nb4 38. Bxb4 axb4 39. g3 Ke7 40. Ke3
h5 41. Kd4 Kd6 42. c5+ Kc7 43. Kc4 g5 44. Kxb4 gxf4 45. gxf4 Bg2 46. Kc4 Kc6
47. Kd4 Kd7 48. Ke5 1-0